Statistiques concernant 15 principaux pays touchés par Covid-19 - 14 novembre

Cliquez ici pour prendre le quiz!

Statistiques générales

  • Ce quiz a été pris 13 fois
  • Le résultat moyen est 14 sur 25

Statistiques - réponses

pays% Correct
Allemagne
100%
Espagne
100%
Etats-Unis
100%
France
100%
Italie
100%
Brésil
92%
Royaume-Uni
92%
Inde
85%
Mexique
77%
Russie
77%
Argentine
69%
Belgique
69%
Iran
69%
Pérou
54%
Suisse
54%
Colombie
46%
Chili
38%
Afrique du Sud
31%
Tchèquie
23%
Israël
15%
Panama
15%
Qatar
15%
Bahreïn
8%
Koweït
8%
Arménie
0%

Distribution des résultats

Percentile par nombre de réponses

% des personnes avec chaque résultat

Votre développement - résultats

Vous n’avez pas pris ce quiz